01900namaa2200409uu 4500001001000000003000600010005001700016006001900033007001500052008004100067040001700108041000800125042000700133072001400140720002500154245008200179260005100261300003100312336002600343337002600369338003600395490004100431506005100472520058500523540006301108546001201171650002101183653001301204653001201217653002501229720003001254720003001284720002501314793001801339856011601357999001701473doab37999oapen20260305123947.0m o d cr|mn|---annan210210s2017 xx |||||o ||| 0|eng d aoapencoapen0 aeng adc 7aM2bicssc1 aSchlich, Thomas4edt00aTechnological Change in Modern SurgerybHistorical Perspectives on Innovation aRochesterbUniversity of Rochester Pressc2017 a1 online resource (244 p.) atextbtxt2rdacontent acomputerbc2rdamedia aonline resourcebcr2rdacarrier1 aRochester Studies in Medical History0 aFree-to-readfUnrestricted online access2star aSurgery is an ideal field for examining the processes of technological change in medicine. The contributors to this book go beyond the concept of innovation, with its focus on a single technology and its sharp dichotomy of acceptance versus rejection. Instead they explore the historical contexts of change in surgery, looking at the complex dynamics of the various treatment options available -- old and new, surgical and nonsurgical -- as well as the variable character of the new technologies themselves, thus broadening and transcending the notion of technological innovation. aAll rights reserveduhttp://oapen.org/content/about-rights aEnglish 7aMedicine2bicssc amedicine aSurgery atechnological change1 aCrenner, Christopher4edt1 aCrenner, Christopher4oth1 aSchlich, Thomas4oth0 aDOAB Library.40uhttps://directory.doabooks.org/handle/20.500.12854/3799970zFree-to-read: DOAB: description of the publication c92787d92787